<?xml version="1.0" encoding="UTF-8"?>
<record
    xmlns:xsi="http://www.w3.org/2001/XMLSchema-instance"
    xsi:schemaLocation="http://www.loc.gov/MARC21/slim http://www.loc.gov/standards/marcxml/schema/MARC21slim.xsd"
    xmlns="http://www.loc.gov/MARC21/slim">

  <leader>01446cam a22003734i 4500</leader>
  <controlfield tag="003">PE-LiUPU</controlfield>
  <controlfield tag="005">20250818102754.0</controlfield>
  <controlfield tag="008">1971    s1971    gw     rb    000 0 heb d</controlfield>
  <datafield tag="035" ind1=" " ind2=" ">
    <subfield code="a">PE-LiUPU000423</subfield>
  </datafield>
  <datafield tag="040" ind1=" " ind2=" ">
    <subfield code="a">PE-LiUPU</subfield>
    <subfield code="b">spa</subfield>
    <subfield code="c">PE-LiUPU</subfield>
    <subfield code="e">rda</subfield>
  </datafield>
  <datafield tag="041" ind1="0" ind2=" ">
    <subfield code="a">heb</subfield>
  </datafield>
  <datafield tag="082" ind1="0" ind2="4">
    <subfield code="a">221.41</subfield>
    <subfield code="b">K62b</subfield>
    <subfield code="2">23</subfield>
  </datafield>
  <datafield tag="100" ind1=" " ind2=" ">
    <subfield code="a">Kittel, Rudolf,</subfield>
    <subfield code="e">editor.</subfield>
    <subfield code="9">6590</subfield>
  </datafield>
  <datafield tag="245" ind1="1" ind2="0">
    <subfield code="a">Biblia Hebraica /</subfield>
    <subfield code="c">editado por Rudolf Kittel</subfield>
  </datafield>
  <datafield tag="250" ind1=" " ind2=" ">
    <subfield code="a">Editio decima sexta emendata typis editionis septimae expressa.</subfield>
  </datafield>
  <datafield tag="264" ind1=" " ind2="1">
    <subfield code="a">Stuttgart :</subfield>
    <subfield code="b">W&#xFC;rttembergische Bibelanstalt,</subfield>
    <subfield code="c">1971.</subfield>
  </datafield>
  <datafield tag="300" ind1=" " ind2=" ">
    <subfield code="a">1434 p&#xE1;ginas ;</subfield>
    <subfield code="c">25 cm</subfield>
  </datafield>
  <datafield tag="336" ind1=" " ind2=" ">
    <subfield code="a">text</subfield>
    <subfield code="2">rdacontent</subfield>
  </datafield>
  <datafield tag="337" ind1=" " ind2=" ">
    <subfield code="a">unmediated</subfield>
    <subfield code="2">rdamedia</subfield>
  </datafield>
  <datafield tag="338" ind1=" " ind2=" ">
    <subfield code="a">volume</subfield>
    <subfield code="2">rdacarrier</subfield>
  </datafield>
  <datafield tag="500" ind1=" " ind2=" ">
    <subfield code="a">Texto &#xED;ntegro del Antiguo Testamento en hebreo con signos masor&#xE9;ticos.</subfield>
  </datafield>
  <datafield tag="500" ind1=" " ind2=" ">
    <subfield code="a">Compilaci&#xF3;n y edici&#xF3;n original de 1937; reimpresi&#xF3;n completa realizada en 1971.</subfield>
  </datafield>
  <datafield tag="500" ind1=" " ind2=" ">
    <subfield code="a">Incluye introducciones por libro en lat&#xED;n. Sin traducci&#xF3;n ni comentarios en otros idiomas.</subfield>
  </datafield>
  <datafield tag="546" ind1=" " ind2=" ">
    <subfield code="a">Texto en hebreo; introducciones en lat&#xED;n.</subfield>
  </datafield>
  <datafield tag="650" ind1="1" ind2="8">
    <subfield code="a">Biblia.</subfield>
  </datafield>
  <datafield tag="650" ind1="1" ind2="8">
    <subfield code="a">Biblia.</subfield>
    <subfield code="x">Cr&#xED;tica textual.</subfield>
  </datafield>
  <datafield tag="700" ind1=" " ind2=" ">
    <subfield code="a">Kahle, Paul,</subfield>
    <subfield code="e">editor.</subfield>
    <subfield code="9">6633</subfield>
  </datafield>
  <datafield tag="700" ind1=" " ind2=" ">
    <subfield code="a">Alt, Albrecht,</subfield>
    <subfield code="e">editor.</subfield>
    <subfield code="9">6634</subfield>
  </datafield>
  <datafield tag="700" ind1=" " ind2=" ">
    <subfield code="a">Eissfeldt, Otto,</subfield>
    <subfield code="e">editor.</subfield>
    <subfield code="9">6635</subfield>
  </datafield>
  <datafield tag="710" ind1=" " ind2=" ">
    <subfield code="a">W&#xFC;rttembergische Bibelanstalt,</subfield>
    <subfield code="e">editor.</subfield>
    <subfield code="9">6636</subfield>
  </datafield>
  <datafield tag="942" ind1=" " ind2=" ">
    <subfield code="2">ddc</subfield>
    <subfield code="c">BK</subfield>
  </datafield>
  <datafield tag="980" ind1=" " ind2=" ">
    <subfield code="8">21515</subfield>
    <subfield code="g">ROMINA COBOS Adquisiciones</subfield>
  </datafield>
  <datafield tag="999" ind1=" " ind2=" ">
    <subfield code="c">57177</subfield>
    <subfield code="d">57177</subfield>
  </datafield>
  <datafield tag="952" ind1=" " ind2=" ">
    <subfield code="r">2025-12-02 00:00:00</subfield>
    <subfield code="i">6</subfield>
    <subfield code="l">59</subfield>
    <subfield code="o">221.4 K62b</subfield>
    <subfield code="p">15591</subfield>
    <subfield code="s">2025-03-27</subfield>
    <subfield code="t">e1</subfield>
    <subfield code="v">18.99</subfield>
    <subfield code="w">2015-06-16</subfield>
    <subfield code="x">FACTEO</subfield>
    <subfield code="y">BK</subfield>
    <subfield code="z">inventario-2023-12-13</subfield>
    <subfield code="1">0</subfield>
    <subfield code="2">ddc</subfield>
    <subfield code="5">0</subfield>
    <subfield code="7">0</subfield>
    <subfield code="8">GEN</subfield>
    <subfield code="f">P35</subfield>
    <subfield code="0">0</subfield>
    <subfield code="a">BUL</subfield>
    <subfield code="b">BUL</subfield>
    <subfield code="c">GEN</subfield>
    <subfield code="d">2015-06-16</subfield>
    <subfield code="e">COMPRA</subfield>
    <subfield code="g">13.99</subfield>
  </datafield>
</record>
